000 00351nam a2200145Ia 4500
008 231129s1983||||xx |||||||||||||| ||spa||
020 _a968-13-1421-2
040 _bspa
082 _a658.302 J28j
100 _aJames Muriel
245 0 _aEl jefe O.K.
260 _c1983
264 _aDiana
942 _2ddc
_cBKS
999 _c11407
_d11407